| 000 | 00000nam 2200000za 4500 |
| 001 | 9.603302 |
| 003 | CaOODSP |
| 005 | 20221107134155 |
| 007 | cr ||||||||||| |
| 008 | 150406s2000 onc|||||o f00| 0 fre d |
| 040 | |aCaOODSP|bfre |
| 043 | |an-cn--- |
| 086 | 1 |aM22-132/8-2000F-PDF |
| 110 | 1 |aCanada. |bRessources naturelles Canada. |
| 245 | 10|aRapport sur l'aperçu de la Table de l'industrie |h[ressource électronique] |
| 260 | |aOttawa : |bLa Table,|c2000. |
| 300 | |a105p.|bgraphiques, tableaux |
| 500 | |a«Processus national sur la changement climatique» |
| 590 | |a12-10-Supp|b2012-03-23 |
| 710 | 2 |aSecrétariat national du changement climatique (Canada).|bTable de l'industrie. |
| 775 | 08|tIndustry Table overview report |w(CaOODSP)9.573071 |
| 776 | 0#|tRapport sur l'aperçu de la table de l'industrie / |w(CaOODSP)9.625329 |
| 856 | 40|ahttp://publications.gc.ca|qPDF|s441 Ko|uhttps://publications.gc.ca/collections/Collection/M22-132-8-2000F.pdf |